| 000 | 00716nam a2200181 a 4500 | ||
|---|---|---|---|
| 003 | 0 | ||
| 005 | 20250609112110.0 | ||
| 008 | 021203s19uu xx 00 eng d | ||
| 050 |
_aPHS HV 5137 _b.M38 2001 |
||
| 100 | _aMatibag, Kathrina Grace F. | ||
| 245 | 0 |
_aCali Shandy as classified by selected graduating students of three different private schools in Las Piñas / _cKathrina Grace F. Matibag. |
|
| 260 |
_aLas Piñas City, Philippines : _bSouthville International School and Colleges, _c2001. |
||
| 300 |
_a39 pages ; _c28 cm. |
||
| 650 |
_aConsumer behavior _zPhilippines. |
||
| 650 |
_aAlcoholic beverages _xClassification _zPhilippines. |
||
| 650 |
_aNon-alcoholic beverages _zPhilippines. |
||
| 942 |
_2lcc _cPASS |
||
| 999 |
_c96547 _d96547 |
||